Návrh vetrania, zdroja tepla a chladu halového objektu nákupného strediska
Salvato in:
| Autore principale: | |
|---|---|
| Altri autori: | |
| Natura: | Manoscritto Libro |
| Lingua: | inglese |
| Pubblicazione: |
Bratislava :
STU v Bratislave SvF,
2014
|
| Soggetti: | |
| Accesso online: | VAIS https://opac.crzp.sk/?fn=detailBiblioForm&sid=C919D44823240A53297ADD2BAD51 |
| Tags: |
Nessun Tag, puoi essere il primo ad aggiungerne!!
|
MARC
| LEADER | 00000ntm a22000003a 4500 | ||
|---|---|---|---|
| 001 | stu297479 | ||
| 005 | 20231121125055.5 | ||
| 008 | 140919s2014----xo------------------eng-d | ||
| 040 | |a STU |b slo | ||
| 041 | 0 | |a eng | |
| 044 | |a xo | ||
| 100 | 1 | |a Czifra, Zsolt, |d 1988- |4 aut |u V |T SvF Stavebná fakulta |X 49232 |U V |Y 10 |7 A000049232 | |
| 242 | 0 | 0 | |a Proposal of ventilation system, heat sources and cooling of the hall object of a shopping center |y eng |
| 245 | 1 | |a Návrh vetrania, zdroja tepla a chladu halového objektu nákupného strediska | |
| 260 | |a Bratislava : |b STU v Bratislave SvF, |c 2014 | ||
| 650 | 7 | |a Building Services |2 estusub | |
| 650 | 7 | |a heat pump |2 estusub | |
| 650 | 7 | |a distribution |2 estusub | |
| 650 | 7 | |a design |2 estusub | |
| 650 | 7 | |a návrh |2 stusub | |
| 650 | 7 | |a tepelná strata |2 stusub | |
| 650 | 7 | |a tepelné čerpadlo |2 stusub | |
| 650 | 7 | |a distribúcia |2 stusub | |
| 650 | 7 | |a vzduchotechnická jednotka |2 stusub | |
| 700 | 1 | |a Füri, Belo, |d 1948- |4 ths |u V290 |U SvF Stavebná fakulta |T SvF Katedra technických zariadení budov |X 2442 |U V290 |Y 31 |7 A000002442 | |
| 856 | 4 | |a info a plný text |u http://is.stuba.sk/zp/portal_zp.pl?podrobnosti=100831 |3 VAIS | |
| 856 | 4 | |a CRZP |u https://opac.crzp.sk/?fn=detailBiblioForm&sid=C919D44823240A53297ADD2BAD51 | |